The Columbia Anthology of Traditional Korean Poetry : (Record no. 602407)

MARC details
000 -LEADER
fixed length control field 00529nam a2200193 a 4500
008 - FIXED-LENGTH DATA ELEMENTS--GENERAL INFORMATION
fixed length control field 251211s2002##################000#0#eng##
020 ## - INTERNATIONAL STANDARD BOOK NUMBER
ISBN 9780231111133
082 04 - DEWEY DECIMAL CLASSIFICATION NUMBER
Classification number 895.71008LEE
100 1# - MAIN ENTRY--AUTHOR NAME
Personal name Lee, Peter H.,
245 10 - TITLE STATEMENT
Title The Columbia Anthology of Traditional Korean Poetry :
260 ## - PUBLICATION, DISTRIBUTION, ETC. (IMPRINT)
Name of publisher Columbia University Press,
Year of publication 2002.
300 ## - PHYSICAL DESCRIPTION
Number of Pages 380 pages
650 #0 - SUBJECT ADDED ENTRY--TOPICAL TERM
Topical Term History.
942 ## - ADDED ENTRY ELEMENTS (KOHA)
Koha item type English Books
Holdings
Withdrawn status Lost status Damaged status Not for loan Home library Current library Date acquired Full call number Accession Number Price effective from Koha item type
        Anna Centenary Library Anna Centenary Library 13.12.2025 895.71008LEE 166042 13.12.2025 English Books

Find us on the map